000 00428cam a2200181 4500
001 D3094
008 090401t1979 xxu||||| |||| 00| 0 eng d
035 _a(Sirsi) u71835
041 _aeng
050 _a333.336
110 _aDebenham Tewson and Chinnocks
_93135
245 _aEconomics of industrial development
260 _aLondon
_bDTC
_c1979
300 _a17p. 30cm
350 _a0
942 _n0
948 _c04/03/1997
999 _c95446
_d95446